000 00558nam a2200193Ia 4500
003 GCL
008 140319s9999 xx 000 0 eng d
040 _aGCL /
_cGCL
082 0 4 _a621.3822
_bM A
100 1 _aMARKS, ROBERT J.
245 1 0 _aADVANCED TOPICS IN SHANNON SAMPLING AND INTERPOLITAIONS THEORY /
_cMARKS, ROBERT J.
260 _a[S.N] :
_bSPRINGER - VERLAG ،
_c1993
300 _a360 P
650 0 4 _aSTATISTICAL METHODS
650 0 4 _aSIGNAL PROCESSING
650 0 4 _aSAMPLING STATISTICS
650 0 4 _aINTERPOLATION THEORY
942 _2ddc
_cBK
999 _c10974
_d10974